00346pab a2200133 454500008004000000100002300040245004500063260000900108300001300117362001100130650002400141650001300165773003400178180718b2010 xxu||||| |||| 00| 0 eng d aAnanth, V. Krishna aLiberhan Commission: a critical analysis c2010 ap.12-16. a23 Jan aLiberhan Commission aReligion aEconomic and Political Weekly